[Event "6th IBCA European Individual Chess Champ"]
[Site "Lyon, France"]
[Date "2015.07.25"]
[Round "1.6"]
[White "Wassin, Sergej"]
[Black "Deville, Olivier"]
[Result "1-0"]
[WhiteElo "2298"]
[BlackElo "1868"]
[PlyCount "49"]
[EventDate "2015.??.??"]

1. d4 Nf6 2. c4 e6 3. g3 Bb4+ 4. Nd2 O-O 5. Ngf3 Qe7 6. Bg2 d6 7. O-O Bxd2 8.
Bxd2 e5 9. dxe5 dxe5 10. Bc3 Nc6 11. Qc2 Bg4 12. Rad1 Rad8 13. h3 Bh5 14. Nh4
Qc5 15. g4 Bg6 16. Nxg6 hxg6 17. b3 Nd4 18. Qb2 Nh7 19. e3 Nc6 20. Rd5 Qe7 21.
Rfd1 f6 22. Qc2 g5 23. Be4 g6 24. Bxg6 Kh8 25. Qf5 1-0

[Event "6th IBCA European Individual Chess Champ"]
[Site "Lyon, France"]
[Date "2015.07.26"]
[Round "2.17"]
[White "Kasimov, Rustam"]
[Black "Murgia, Stefano"]
[Result "1-0"]
[WhiteElo "2196"]
[BlackElo "1705"]
[PlyCount "71"]
[EventDate "2015.07.25"]

1. d4 f5 2. c4 Nf6 3. Nf3 d6 4. g3 g6 5. Bg2 Bg7 6. Nc3 e6 7. O-O O-O 8. b4 Qe7
9. Rb1 c6 10. a4 a6 11. Qb3 Bd7 12. b5 axb5 13. axb5 e5 14. dxe5 dxe5 15. e4
Nxe4 16. Nxe4 fxe4 17. Ng5 e3 18. Bxe3 Ra3 19. Qb4 Qxb4 20. Rxb4 Bf5 21. bxc6
bxc6 22. Bc5 Na6 23. Bxf8 Bxf8 24. Rb7 Nc5 25. Rb8 h6 26. Nf3 Kg7 27. Nxe5 Bd6
28. Re8 Ne4 29. Nxc6 Nxf2 30. Rxf2 Bc5 31. Bf1 Ra2 32. Ree2 Ra1 33. Kg2 Bd3 34.
Re5 Rxf1 35. Rxf1 Bxf1+ 36. Kxf1 1-0

[Event "6th IBCA European Individual Chess Champ"]
[Site "Lyon, France"]
[Date "2015.07.27"]
[Round "3.11"]
[White "Gasperoni, Claudio"]
[Black "Kasimov, Rustam"]
[Result "1-0"]
[WhiteElo "1867"]
[BlackElo "2196"]
[PlyCount "49"]
[EventDate "2015.07.25"]

1. d4 Nf6 2. Nf3 e6 3. e3 d5 4. c4 Be7 5. Bd3 O-O 6. O-O b6 7. cxd5 exd5 8. Nc3
Bb7 9. Ne5 c5 10. f4 Nc6 11. Rf3 a6 12. Rh3 $5 {A bold attack by white, black
must defend accurately.} c4 $4 {An incredible oversight, which leaves the
black king helpless against white's threats.} 13. Bxh7+ $1 {The crushing move
that black has overlooked.} Kh8 (13... Nxh7 14. Qh5 {and black should gives
his queen to avoid being checkmated.} Bh4 15. Rxh4 Qxh4 16. Qxh4 $18) 14. Bf5+
Kg8 15. g4 $5 {There were other good moves for white but this one shows that
they will use all of their firepower.} g6 16. g5 $1 Ne4 17. Bxg6 $5 {Will this
attack ever stop ?} fxg6 18. Nxg6 Kg7 19. Rh7+ $4 {a terrible mistake which
could have turned the tables.} (19. Nxe4 dxe4 {and now} 20. Nxf8 Qxf8 21. d5 {
gives white a decisive edge.}) 19... Kxg6 $4 (19... Kxh7 {was the only move
and a good one.} 20. Qh5+ Kg8 21. Qh8+ Kf7 22. Qh7+ Ke6 23. Nxf8+ Qxf8 {and
black can even hope to win the game.}) 20. Qh5+ {The black king will not
escape his fate.} Kf5 21. Qh3+ Kg6 22. Nxe4 dxe4 23. Qh5+ Kf5 24. Rh6 Bxg5 25.
Qh3# 1-0

[Event "6th IBCA European Individual Chess Champ"]
[Site "Lyon, France"]
[Date "2015.07.28"]
[Round "4.11"]
[White "Mueller, Thorsten"]
[Black "Znuderl, Matej"]
[Result "1/2-1/2"]
[WhiteElo "2133"]
[BlackElo "2000"]
[PlyCount "45"]
[EventDate "2015.??.??"]

1. d4 Nf6 2. Nf3 g6 3. Bf4 Bg7 4. e3 O-O 5. Be2 d6 6. O-O Nc6 7. c3 Ne8 (7...
Nd7 8. Nbd2 e5 9. Bg3 Qe7 10. d5 Nd8 11. Bh4 f6 12. e4 c6 13. c4 c5 14. Ne1 Nf7
15. Bd3 g5 16. Bg3 Nh6 17. f3 f5 18. b4 b6 19. Qa4 Nf7 20. bxc5 bxc5 21. Rb1
Qd8 22. Rb2) 8. Nbd2 e5 9. Bg3 Qe7 10. d5 Nd8 11. Bh4 f6 12. e4 c6 13. c4 c5
14. Ne1 Nf7 15. Bd3 g5 16. Bg3 Nh6 17. f3 f5 18. b4 b6 19. Qa4 Nf7 20. bxc5
bxc5 21. Rb1 Qc7 22. Rb2 Bd7 23. Qa6 {Following moves can't be read. Draw in
50 moves.} 1/2-1/2

[Event "6th IBCA European Individual Chess Champ"]
[Site "Lyon, France"]
[Date "2015.07.28"]
[Round "4.24"]
[White "Martinez Colomar, Alejandro"]
[Black "Drazetic, Novica"]
[Result "1/2-1/2"]
[WhiteElo "1853"]
[BlackElo "1613"]
[PlyCount "115"]
[EventDate "2015.??.??"]

1. c4 e6 2. g3 d5 3. Bg2 c6 4. Qc2 Nf6 5. Nf3 Bd6 6. O-O O-O 7. b3 Nbd7 8. d4
e5 9. dxe5 Nxe5 10. Bb2 Nxf3+ 11. exf3 dxc4 12. Qxc4 Re8 13. Nc3 Be6 14. Qd3
Be5 15. Qc2 Nd5 16. Rad1 Bxc3 17. Bxc3 Qd7 18. Rd4 Qe7 19. Rh4 h6 20. Bb2 Rad8
21. Qc1 Qg5 22. f4 Qg6 23. Bf3 Ne7 24. Re1 Nd5 25. Re5 Nf6 26. h3 Bd5 27. Bxd5
Rxd5 28. Rxd5 cxd5 29. Qd1 Qe4 30. Bxf6 gxf6 31. Qh5 Qe1+ 32. Kg2 Qe4+ 33. Qf3
Kg7 34. f5 Qxf3+ 35. Kxf3 Re7 36. Rd4 Re5 37. g4 Kf8 38. Rd3 Ke7 39. Kg3 Kd6
40. f4 Re4 41. Kf3 Kc5 42. a3 a5 43. h4 b5 44. Rd2 a4 45. Rd3 axb3 46. Rxb3 Re8
47. Re3 Ra8 48. Rd3 d4 49. Ke2 Kc4 50. Kd2 $2 (50. g5 $142) 50... b4 51. g5
fxg5 52. hxg5 hxg5 53. fxg5 Rxa3 $4 (53... bxa3 $19) 54. Rxa3 bxa3 55. g6 a2
56. gxf7 a1=Q 57. f8=Q Qb2+ {0:10:00} 58. Ke1 1/2-1/2

[Event "6th IBCA European Individual Chess Championship for Blind and Visually Impaired "]
[Site "Lyon, France"]
[Result "1/2-1/2"]
[Round "5.5"]
[WhiteElo "2125"]
[BlackElo "2295"]
[Date "2015.07.29"]

1. e4 e6 2. d4 d5 3. Nc3 Bb4 4. Qd3 Ne7 5. Nge2 O-O 6. a3 Bxc3+ 7. Nxc3 Nbc6 8. e5 
Nf5 9. Ne2 f6 10. Bf4 Bd7 11. O-O-O Be8 12. Qd2  1/2-1/2

[White "Mueller, Oliver"]
[Black "Komissarov, Alexey"]

[Event "6th IBCA European Individual Chess Champ"]
[Site "Lyon, France"]
[Date "2015.07.29"]
[Round "5.29"]
[White "Siret, Bernard"]
[Black "Duthoit, Bernard"]
[Result "1/2-1/2"]
[WhiteElo "1698"]
[BlackElo "1372"]
[PlyCount "26"]
[EventDate "2015.07.25"]

1. d4 e5 2. e4 Nf6 3. Be2 exd4 4. Nf3 Bb4+ 5. Bd2 Bc5 6. c3 d5 7. e5 Ne4 8.
cxd4 Nxf2 9. Kxf2 Bxd4+ 10. Nxd4 Qh4+ 11. Ke3 Qg5+ 12. Kf2 (12. Kd3 $18) 12...
Qh4+ 13. Ke3 Qg5+ 1/2-1/2

[Event "6th IBCA European Individual Chess Champ"]
[Site "Lyon, France"]
[Date "2015.07.30"]
[Round "6.10"]
[White "Rositsan, Boris"]
[Black "Spinu, Evgeny"]
[Result "1-0"]
[WhiteElo "2051"]
[BlackElo "2210"]
[PlyCount "59"]
[EventDate "2015.07.25"]

1. d4 d5 2. Nf3 Nf6 3. e3 e6 4. Bd3 c5 5. b3 Nc6 6. Bb2 Be7 7. Nbd2 cxd4 8.
exd4 Nb4 9. Be2 O-O 10. a3 Nc6 11. Ne5 Qc7 12. Bd3 Bd7 13. O-O Be8 14. f4 Qb6
15. Ndf3 Ne4 16. Kh1 f6 17. Ng4 Bd6 18. Bxe4 dxe4 19. Nd2 f5 20. Nc4 Qc7 21.
Nge5 Rc8 22. d5 Bxe5 23. fxe5 exd5 24. Qxd5+ Bf7 25. e6 Ne7 26. exf7+ Rxf7 27.
Qe6 Rcf8 28. Ne5 Qxc2 29. Nxf7 Rxf7 30. Rad1 1-0

[Event "6th IBCA European Individual Chess Champ"]
[Site "Lyon, France"]
[Date "2015.07.30"]
[Round "6.11"]
[White "Prpic, Milan"]
[Black "Fernandez Manrique, Agustin"]
[Result "0-1"]
[WhiteElo "1839"]
[BlackElo "2183"]
[PlyCount "62"]
[EventDate "2015.07.25"]

1. d4 Nf6 2. c4 g6 3. Nc3 Bg7 4. Nf3 O-O 5. e3 d6 6. Be2 Nbd7 7. O-O c6 8. Qc2
e5 9. b3 exd4 10. exd4 Nb6 11. a4 a5 12. Bg5 Qc7 13. Rad1 d5 14. c5 Nbd7 15.
Na2 Ne4 16. Be3 Re8 17. Nc3 Ndf6 18. Nd2 Nxc3 19. Qxc3 Bf5 20. Rfe1 Re6 21. h3
Rae8 22. b4 axb4 23. Qxb4 Bxh3 $1 24. Rb1 (24. gxh3 Rxe3 25. fxe3 Qg3+ 26. Kf1
Qxh3+ 27. Kg1 Qg3+ 28. Kf1 Bh6 $19) 24... R6e7 25. Rb3 Bc8 26. Rd1 h5 27. Bf3
Nd7 28. g3 Nf8 29. Bf4 Re1+ 30. Kg2 $4 (30. Nf1) 30... Qd7 $1 31. Rbb1 Qh3# 0-1

[Event "6th IBCA European Individual Chess Champ"]
[Site "Lyon, France"]
[Date "2015.07.30"]
[Round "6.12"]
[White "Mueller, Thorsten"]
[Black "Hervais, Adrien"]
[Result "0-1"]
[WhiteElo "2133"]
[BlackElo "2029"]
[PlyCount "94"]
[EventDate "2015.07.25"]

1. d4 d5 2. Nf3 Nf6 3. Bf4 c5 4. e3 Nc6 5. c3 Qb6 6. Qb3 c4 7. Qc2 Bf5 8. Qc1
Nh5 9. Be2 e6 10. Nbd2 Nxf4 11. exf4 Bd6 12. g3 Qc7 13. O-O O-O 14. Bd1 b5 15.
Bc2 Ne7 16. Re1 Rab8 17. a3 a5 18. Ne5 f6 19. Bxf5 Nxf5 20. Nef3 Rfe8 21. Re2
b4 22. axb4 axb4 23. Qe1 Kf7 24. Qf1 Kg8 25. Rae1 Qd7 26. Qh3 bxc3 27. bxc3 Re7
28. Kh1 Rbe8 29. g4 Nh6 30. g5 Nf5 31. Qg4 Kh8 32. Rg1 Qc7 33. Nh4 Nxh4 34.
gxf6 Rf7 35. fxg7+ Rxg7 36. Qxh4 Rxg1+ 37. Kxg1 Rg8+ 38. Kf1 Bxf4 39. Nf3 Qf7
40. Qh3 (40. Rxe6 $5) 40... Qg6 41. Rxe6 $2 Qd3+ $1 42. Re2 (42. Ke1 Rg1+ $1)
42... Re8 43. Ng1 Qd1+ (43... Rxe2 $19) 44. Kg2 Rg8+ 45. Kf3 Qxg1 46. Re7 Qg6
47. Re6 Qd3+ 0-1

[Event "6th IBCA European Individual Chess Championship for Blind and Visually Impaired "]
[Site "Lyon, France"]
[Result "1-0"]
[Round "7.9"]
[WhiteElo "2029"]
[BlackElo "2180"]
[Date "2015.07.31"]

1. e4 e6 2. d4 d5 3. Nd2 Nf6 4. e5 Nfd7 5. Bd3 c5 6. c3 Nc6 7. Ne2 cxd4 8. cxd4 f6 
9. exf6 Nxf6 10. Nf3 Bd6 11. Bf4 Bxf4 12. Nxf4 Qa5+ 13. Qd2 Qxd2+ 14. Kxd2 O-O 15. 
Rhe1 Ne4+ 16. Bxe4 Rxf4 17. Bd3 Nxd4 18. Ke3 Nxf3 19. Kxf4 Nxe1 20. Rxe1 Bd7 21. 
Ke5 Bc6 {0:30:00} 22. Rc1 {1:18:00} Kf7 {0:25:00} 23. b4 {1:15:00} Rd8 24. b5 Be8 
25. Rc7+ Rd7 26. Rxd7+ Bxd7 27. Kd6 Be8 28. Kc7 a6 29. a4 axb5 30. axb5 Ke7 31. 
Kxb7 Bg6 32. b6 Bxd3 33. Ka7 Be4 34. b7 Bxg2 35. b8Q Be4 36. Kb6 Kf6 37. Qf4+ Bf5 
38. h4 g6 39. Qh6 Ke5 40. Kc5  1-0

[Event "6th IBCA European Individual Chess Champ"]
[Site "Lyon, France"]
[Date "2015.07.31"]
[Round "7.25"]
[White "Pirosca, Alexandru"]
[Black "Eichstaedt, Mirko"]
[Result "0-1"]
[WhiteElo "2003"]
[BlackElo "1997"]
[PlyCount "104"]
[EventDate "2015.07.25"]

1. e4 e5 2. Nf3 Nc6 3. Bb5 a6 4. Ba4 Nf6 5. d4 exd4 6. O-O Be7 7. Re1 b5 8. e5
Nxe5 9. Rxe5 d6 10. Re1 bxa4 11. Nxd4 Bd7 12. Qf3 O-O 13. Nc6 Bxc6 14. Qxc6 d5
15. Qxa4 Ne4 16. Nd2 Nc5 17. Qg4 Bf6 18. Nb3 Ne6 19. c3 {(=)} Rb8 20. Be3 c6
21. Rad1 Qc7 22. Rd2 Rfd8 23. Red1 c5 24. Qe2 c4 25. Nd4 Nc5 26. Qg4 Rb7 27.
Nf5 Nd3 28. Bd4 Bxd4 29. Qxd4 f6 30. b4 Qe5 31. Rxd3 cxd3 32. Qxd3 Rc7 33. Nd4
Rc4 34. h3 g6 35. Rd2 Qe4 36. Nb3 Qe1+ 37. Kh2 Qe5+ 38. Kg1 Qxc3 39. Qe2 Qe5
40. Qd3 Qe4 41. Qf1 Re8 42. Kh2 Rxb4 43. Qd1 Rc4 44. Rxd5 Rc2 45. Rd8 Rxa2 46.
Nc5 Qe5+ 47. f4 Qxf4+ 48. Kh1 Rae2 49. Qxe2 Rxd8 50. Qe6+ Kh8 51. Nd7 Qc1+ 52.
Kh2 Qc7+ 0-1

[Event "6th IBCA European Individual Chess Championship for Blind and Visually Impaired "]
[Site "Lyon, France"]
[Result "1-0"]
[Round "8.8"]
[WhiteElo "2224"]
[BlackElo "2125"]
[Date "2015.08.01"]

1. e4 c5 2. Nf3 Nc6 3. d4 cxd4 4. Nxd4 Nf6 5. Nc3 d6 6. Bc4 Bd7 7. Bb3 g6 8. f3 Bg7 
9. Be3 O-O 10. Qd2 Na5 11. Bh6 e5 12. Bxg7 Kxg7 13. Nde2 Nxb3 14. axb3 Bc6 15. O-O 
Qb6+ 16. Kh1 Rfd8 17. Nd5 Bxd5 18. exd5 Rdc8 19. Ra4 Qb5 20. Rd1 Rc5 21. Nc3 Qd7 
22. Rh4 h5 23. b4 Rc7 24. Ne4 Nxe4 25. Rxe4 f5 26. Ree1 Qa4 27. c3 a6 28. Rc1 Rac8 
29. h3 Qb3 {0:20:00} 30. Rcd1 Rc4 31. Qg5 R4c7 32. Rd2 Qc4 {0:07:00} 33. Qe3 Kf6 
34. f4 e4 35. Qg3 Kg7 36. Qg5 Rg8 37. Kh2 Kf7 38. Re3 Qb5 39. b3 Qd7 40. c4 Rh8 
41. Qg3 b5 42. Rc2 Rhc8 43. Rec3 bxc4 44. Rxc4 Rxc4 45. bxc4 a5 46. bxa5 Qa4 47. 
Qc3 Rc7 48. Rc1 Ra7 49. Ra1 Qd7 50. Qh8 Qe7 51. a6 Qf6 52. Qh7+ Qg7 53. Qxg7+ Kxg7 
54. Kg1 Kf7 55. Kf2 Ke7 56. Ke3 Kd7 57. Kd4 Ra8 58. a7 Kc7 59. c5 dxc5+ 60. Kxc5 
e3 61. d6+ Kd7 62. Kb6 e2 63. Kb7 Re8 64. a8Q  1-0

[Event "6th IBCA European Individual Chess Champ"]
[Site "Lyon, France"]
[Date "2015.08.01"]
[Round "8.30"]
[White "Le Brun, Yves"]
[Black "Antonic, Nenad"]
[Result "1/2-1/2"]
[WhiteElo "1396"]
[BlackElo "1450"]
[PlyCount "40"]
[EventDate "2015.07.25"]

1. e4 c6 2. Nc3 d5 3. exd5 cxd5 4. d4 a6 5. Nf3 Nc6 6. h3 Bf5 7. a3 e6 8. Be2
Bd6 9. Be3 Nge7 10. O-O h6 11. Qd2 Qc7 12. Nh4 Bh7 13. f4 O-O-O 14. Bd3 f5 15.
Nf3 Ng6 16. g3 Nge7 17. Qh2 Rdg8 18. Ne5 Nxe5 19. dxe5 (19. fxe5 $1) 19... Bc5
20. Rf3 d4 {(=)??} 1/2-1/2